000 00712nam a2200205Ii 4500
003 JO-AjNU
008 230605s9999||||xx |||||||||||||| ||und||
017 _a2006/11/2629
040 _aJO-AjNU
_bara
_erda
_cJO-AjNU
041 _aara
050 1 4 _aBP130.1.W3724.2006
100 3 _aوردة،باسم حسن,
_eauthor
_917581
245 0 0 _aالهدي النبوي في الطب الوقائي
264 3 1 _aعمان:جهينة للنشر والتوزيع،2006
300 _a216ص
336 _atext
_btxt
_2rdacontent
337 _aunmediated
_bn
_2rdamedia
338 _avolume
_bnc
_2rdacarrier
650 4 _aالحديث-الفقه الاسلامي-السيرة النبوية-الطب الوقائي
_917582
999 _aA5459
_c9027
_d9027